| 000 | 00357nam a22001337a 4500 | ||
|---|---|---|---|
| 999 |
_c12467 _d12467 |
||
| 008 | 231207b 1989 ||||| |||| 00| 0 eng d | ||
| 020 | _a053348698 | ||
| 082 | _a613 | ||
| 100 | _aChopra, Deepak | ||
| 245 | _aQuantum healing : exploring the frontiers of mind / body medicine | ||
| 260 |
_aNew York _bBantam Books _c1989 |
||
| 300 | _a263p. | ||
| 942 | _cGB | ||